Central Library OPAC University of Rajshahi

Personality : (Record no. 29779)

MARC details
000 -LEADER
fixed length control field 00830cam a22002651 4500
001 - CONTROL NUMBER
control field 29779
003 - CONTROL NUMBER IDENTIFIER
rucl marc code BD-RjUL
005 - DATE AND TIME OF LATEST TRANSACTION
control field 20211209051446.0
008 - FIXED-LENGTH DATA ELEMENTS--GENERAL INFORMATION
fixed length control field 140407s19541937nyua 001 0 eng
035 ## - SYSTEM CONTROL NUMBER
System control number (BD-RjUL)29864
System control number (OCoLC)203736
040 ## - CATALOGING SOURCE
Original cataloging agency DLC
Transcribing agency ODaWU
Modifying agency OClW-H
-- OCoLC
-- NBrockU
-- OCoLC
-- DLC
Language of cataloging eng
041 ## - LANGUAGE CODE
Language code of text/sound track or separate title eng
082 ## - DEWEY DECIMAL CLASSIFICATION NUMBER
Classification number 137
Author mark and year ALP 1954
100 1# - MAIN ENTRY--PERSONAL NAME
Personal name Allport, Gordon W.
Fuller form of name (Gordon Willard),
Dates associated with a name 1897-1967.
9 (RLIN) 5425
245 10 - TITLE STATEMENT
Title Personality :
Remainder of title a psychological interpretation /
Statement of responsibility, etc. Gordon W. Allport.
260 ## - PUBLICATION, DISTRIBUTION, ETC. (IMPRINT)
Place of publication, distribution, etc. New York :
Name of publisher, distributor, etc. H. Holt and Company,
Date of publication, distribution, etc. c1937 [reprinting 1954]
300 ## - PHYSICAL DESCRIPTION
Pagination xiv, 588 p. :
Illustrations ill. ;
Size 24 cm.
504 ## - BIBLIOGRAPHY, ETC. NOTE
Bibliography, etc includes index
650 #0 - SUBJECT ADDED ENTRY--TOPICAL TERM
Topical term or geographic name as entry element Personality.
9 (RLIN) 90661
Topical term or geographic name as entry element Characters and characteristics.
9 (RLIN) 90662
942 ## - ADDED ENTRY ELEMENTS (KOHA)
Source of classification or shelving scheme Dewey Decimal Classification
Koha item type Books
Holdings
Lost status Source of classification or shelving scheme Damaged status Not for loan Collection code Permanent Location Current Location Shelving location Date acquired Source of acquisition Cost, normal purchase price Total Checkouts Full call number Date last seen Copy number Koha item type
  Dewey Decimal Classification   Added to bundle Non-fiction Central Library, University of Rajshahi Central Library, University of Rajshahi Reading Room 07/04/2014 p. a commerce 35.00   137 ALP 1954 07/04/2014 C-1 Books